00455 2200193 4500245003000000020001800030250001100048100001700059700000900076700002000085650001700105005001900122260004100141041001400182084001300196300003200209336000900241338001100250 aDreamcHida, NobukohText a979-20-6657-8 aCet. 1 aHida, Nobuko aTari aIlda V. Siregar aKomik Jepang a20230131082053 aJakartabElex Media Komputindoc2005 aIndonesia a741.5592 a... jil. :bilus. ;c17 cm. atext avolume